书目信息 |
| 题名: |
环境艺术设计考研高分攻略
|
|
| 作者: | ;突围设计考研 编著 | |
| 分册: | 景观篇 | |
| 出版信息: | 南京 江苏凤凰科学技术出版社 2019.06 |
|
| 页数: | 208页 | |
| 开本: | 26cm | |
| 丛书名: | ||
| 单 册: | ||
| 中图分类: | TU-856 , TU983 | |
| 科图分类: | ||
| 主题词: | 环境设计--huan jing she ji--硕士生入学考试--升学参考资料 , 景观设计--jing guan she ji--硕士生入学考试--升学参考资料 | |
| 电子资源: | ||
| ISBN: | 978-7-5713-0231-3 | |
| 000 | 01061nam0 2200265 450 | |
| 001 | 0109110231 | |
| 005 | 20201109144604.06 | |
| 010 | @a978-7-5713-0231-3@dCNY79.00 | |
| 100 | @a20190731d2019 em y0chiy50 ea | |
| 101 | 0 | @achi |
| 102 | @aCN@b320000 | |
| 105 | @aa z 000yy | |
| 106 | @ar | |
| 200 | 1 | @a环境艺术设计考研高分攻略@Ahuan jing yi shu she ji kao yan gao fen gong lue@i景观篇@f突围设计考研编著 |
| 210 | @a南京@c江苏凤凰科学技术出版社@d2019.06 | |
| 215 | @a208页@c图,照片@d26cm | |
| 300 | @a环境设计专业考研精品教程 | |
| 330 | @a本书以设计考研作为教学切入点从而阐述景观园林空间设计的理念,作者除了对近年来各院校高分快题试卷进行总结之外,同时搜集了近7年从“突围设计考研”走出去的各大目标院校优秀学员的考试经验和复习思路。 | |
| 606 | 0 | @a环境设计@Ahuan jing she ji@x硕士生入学考试@j升学参考资料 |
| 606 | 0 | @a景观设计@Ajing guan she ji@x硕士生入学考试@j升学参考资料 |
| 690 | @aTU-856@v5 | |
| 690 | @aTU983@v5 | |
| 711 | 02 | @a突围设计考研@Atu wei she ji kao yan@4编著 |
| 801 | 0 | @aCN@bBJSZM@c20201103 |
| 905 | @b1241395-8@dTU-856@e229@f4 | |
| 环境艺术设计考研高分攻略.景观篇/突围设计考研编著.-南京:江苏凤凰科学技术出版社,2019.06 |
| 208页:图,照片;26cm |
| 环境设计专业考研精品教程 |
| ISBN 978-7-5713-0231-3:CNY79.00 |
| 本书以设计考研作为教学切入点从而阐述景观园林空间设计的理念,作者除了对近年来各院校高分快题试卷进行总结之外,同时搜集了近7年从“突围设计考研”走出去的各大目标院校优秀学员的考试经验和复习思路。 |
| ● |
| 相关链接 |
|
|
|
|
正题名:环境艺术设计考研高分攻略
索取号:TU-856/229
 
预约/预借
| 序号 | 登录号 | 条形码 | 馆藏地/架位号 | 状态 | 备注 |
| 1 | 1241395 | 212413958 | 第二样本阅览室/ [索取号:TU-856/229] | 在馆 | |
| 2 | 1241396 | 212413967 | 第三借阅区/ [索取号:TU-856/229] | 在馆 | |
| 3 | 1241397 | 212413976 | 第三借阅区/ [索取号:TU-856/229] | 在馆 | |
| 4 | 1241398 | 212413985 | 第三借阅区/ [索取号:TU-856/229] | 在馆 |